00785nam a2200241Ia 450000100060000000300090000600800410001504000130005604000130006904100120008210000210009410000290011524500480014424500510019225000110024326000120025426000180026626000490028430000590033350000770039265000430046965000310051257457IT-RoPAU130308s9999 xx 000 0 und d aIT-RoPAU cIT-RoPAU aINGLESE aBurgelin Olivier gCodice Aut. SPICS: 8687 aStructural Analysis and Mass Communication  bSociology Of Mass Communications (II Edizione) a2a ed. aENGLAND bPenguin Books c1976 [1° Ed.:1972 - Ed.Ling.Originale:1968] a"16 p. (prefazione: no ; testo: 16 [pagine: 313-328])" aAnalisi Strutturale e Comunicazione di Massa Modello Linguistico Ascolto aSOCIOLOGIA DELLA COMUNICAZIONE SOCIALE eCodice materia Spics: 3806